| 000 | 00467nam a2200157Ia 4500 | ||
|---|---|---|---|
| 008 | 130318s9999 xx 000 0 und d | ||
| 020 | _a8184242719 | ||
| 082 | _a003.3 MIN/P | ||
| 100 | _aMinz, Sonajharia | ||
| 245 | _aProceedings of National Conference on Methods and Models in Computing | ||
| 260 |
_bAllied Publications Publications Publications _aNew Delhi _c2007 |
||
| 300 | _a276 | ||
| 650 | _aCOMPUTER MODELING | ||
| 650 | _aMETHODS | ||
| 700 | _aLobiyal, DK | ||
| 999 |
_c1447 _d1447 |
||